Les Capitaines des Brigades Spéciales dans Fire Force - Statistiques

Statistiques générales
  • Ce quiz a été pris 13 fois
  • Le résultat moyen est 4 sur 8
Statistiques - réponses
Brigade Capitaine % Correct
8ème Brigade Akitaru Obi
91%
1ère Brigade Leonardo Barns
73%
5ème Brigade Princesse Hibana
64%
3ème Brigade Dr.Giovanni
36%
4ème Brigade Soichiro Hague
36%
7ème Brigade Benimaru Shinmon
27%
2ème Brigade Gustaf Honda
27%
6ème Brigade Kayoko Huang
27%
Aucun quiz correspondant
Distribution des résultats
% des personnes avec chaque résultat
Percentile par nombre de réponses
Votre historique - résultats
Vous n’avez pas pris ce quiz